ბათუმის შოთა რუსთაველის სახელმწიფო უნივერსიტეტის ბიბლიოთეკა

ლიტერატურისმცოდნეობის საფუძვლები : (ლიტერატურისმცოდნეობის შესავალი) : (ბიბ.ჩანაწერი № 55872)

000 -ლიდერი
ფიქსირებული სიგრძის საკონტროლო ველი 01516nam a2200277Ia 4500
001 - საკონტროლო ნომერი
საკონტროლო ველი 22970
003 - საკონტროლო ნომრის იდენტიფიკატორი
საკონტროლო ველი GE_BSU
005 - ბოლო ოპერაციის თარიღი და დრო
საკონტროლო ველი 20230614115432.0
008 - ფიქსირებული სიგრძის მონაცემთა ელემენტები - ზოგადი ინფორმაცია
ფიქსირებული სიგრძის საკონტროლო ველი 181216s ||||ge |||||||||||||| ||geo||
040 ## - კატალოგიზაციის წყარო
Transcribing agency GE_BSU
041 ## - ენის კოდი
Language code of text/sound track or separate title geo
080 ## - უნივერსალური ათობითი კლასიფიკაციის ინდექსი
Universal Decimal Classification number 82.0(075.8) გ-23
100 ## - მთავარი ჩანაწერი - პიროვნების სახელი
Personal name გაჩეჩილაძე, სიმონ
9 (RLIN) 5494
245 ## - ცნობა სათაურის შესახებ
Title ლიტერატურისმცოდნეობის საფუძვლები : (ლიტერატურისმცოდნეობის შესავალი) :
Remainder of title სახელმძღვანელო უმაღლ. პედ. სასწ. /
Statement of responsibility, etc სიმონ გაჩეჩილაძე.
250 ## - გამოცემის ცნობა
Edition statement მე-3 გადამუშავებული გამოცემა
264 ## - წარმოების, გამოცემის, დისტრიბუციის და სხვა ცნობები
გამოცემის, წარმოების, დისტრიბუციის... ადგილი თბილისი :
გამოცემის, წარმოების, დისტრიბუციის... სახელწოდება სამეცნ.-მეთოდ. კაბინეტის გამოცემა,
გამოცემის, წარმოების, დისტრიბუციის... თარიღი 1953.
300 ## - ფიზიკური აღწერა
Extent 504 გვ. ;
Dimensions 23 სმ.
500 ## - ზოგადი შენიშვნა
General note საგნ. საძ. : გვ.486-492
653 ## - INDEX TERM--UNCONTROLLED
Uncontrolled term ლიტერატურისმცოდნეობა
653 ## - INDEX TERM--UNCONTROLLED
Uncontrolled term ლიტერატურისმცოდნეობის შესავალი
653 ## - INDEX TERM--UNCONTROLLED
Uncontrolled term ლიტერატურისმცოდნეობის საფუძვლები
653 ## - INDEX TERM--UNCONTROLLED
Uncontrolled term ლიტერატურისმცოდნეობის შესავალი
653 ## - INDEX TERM--UNCONTROLLED
Uncontrolled term ლიტერისმცოდნეობა
942 ## - ADDED ENTRY ELEMENTS (KOHA)
Koha item type წიგნი
Source of classification or shelving scheme
ეგზემპლარები
ჩამოწერის სტატუსი დაკარგული ეგზემპლარის სტატუსი კლასიფიკაციის წყარო ან თაროზე გაწყობის სქემა დაზიანების სტატუსი არ გაიცემა მუდმივი მდებარეობა (დაცვის ადგილი) ამჟამინდელი ადგილსამყოფელი თაროზე განთავსების ადგილი შეძენის თარიღი ღირებულება, შესყიდვის ნორმალური ფასი სრული შენახვის შიფრი შტრიხკოდი ბოლო ოპერაციის თარიღი ეგზემპლარის მიმდევრობითი ნომერი (კეტერი?) ფასის ძალაში შესვლის თარიღი ეგზემპლარის სახეობა საჯარო შენიშვნა
          ბათუმის შოთა რუსთაველის სახელმწიფო უნივერსიტეტის მთავარი ბიბლიოთეკა ბათუმის შოთა რუსთაველის სახელმწიფო უნივერსიტეტის მთავარი ბიბლიოთეკა წიგნსაცავი 2018-12-17 2.66 82.0(075.8) გ-23 58391 2018-12-17 58391 2018-12-17 წიგნი 2.66 ₾.